[Event "SLO-chT Central 23rd"]
[Site "Slovenia"]
[Date "2022.09.29"]
[Round "2.2"]
[White "Juvan, Vid"]
[Black "Strajhar, Albin"]
[Result "0-1"]
[WhiteElo "1564"]
[BlackElo "1815"]
[PlyCount "52"]
[EventDate "2022.09.15"]
[EventType "team-swiss"]
[EventRounds "9"]
[EventCountry "SLO"]
[SourceTitle "EXT 2024"]
[Source "ChessBase"]
[SourceDate "2023.10.10"]
[SourceVersion "1"]
[SourceVersionDate "2023.10.10"]
[SourceQuality "1"]
[WhiteTeam "Ljubljana SK"]
[BlackTeam "Menges Trzin II"]
[WhiteTeamCountry "SLO"]
[BlackTeamCountry "SLO"]

1. e4 c5 2. Nf3 Nc6 3. Bb5 a6 4. Bxc6 dxc6 5. 0-0 Bg4 6. h3 Bh5 7. d3 e6 8. Nbd2 Bd6 9. e5 Bc7 10. Re1 Ne7 11. b3 0-0 12. g4 Bg6 13. Ne4 b6 14. h4 h6 15. Bd2 Nd5 16. Qc1 f5 17. exf6 Nxf6 18. Nxf6+ Qxf6 19. Re3 Bf4 20. Rxe6 Qxe6 21. Bxf4 Qxg4+ 22. Bg3 Qxf3 23. Qd2 Rae8 24. Qc3 Re2 25. Rf1 Bf5 26. Kh2 Be6 0-1

[Event "Nova Gorica op-A 26th"]
[Site "Nova Gorica"]
[Date "2022.09.18"]
[Round "5"]
[White "Juvan, Vid"]
[Black "Rigatti, Giorgio"]
[Result "1/2-1/2"]
[WhiteElo "1564"]
[BlackElo "1763"]
[PlyCount "115"]
[EventDate "2022.09.16"]
[EventType "swiss"]
[EventRounds "9"]
[EventCountry "SLO"]
[SourceTitle "CBM 210 Extra"]
[Source "ChessBase"]
[SourceDate "2022.11.30"]
[SourceVersion "1"]
[SourceVersionDate "2022.11.30"]
[SourceQuality "1"]

1. e4 c5 2. Nf3 d6 3. Bb5+ Bd7 4. Bxd7+ Qxd7 5. 0-0 Nf6 6. Qe2 Nc6 7. c3 e6 8. Rd1 Be7 9. d4 cxd4 10. cxd4 d5 11. e5 Ne4 12. Nbd2 Nxd2 13. Bxd2 h6 14. a3 0-0 15. Rac1 Rfc8 16. Rc3 Bf8 17. Be3 Ne7 18. Rdc1 Rxc3 19. Rxc3 Rc8 20. Bd2 Rxc3 21. Bxc3 Qa4 22. Ne1 Nc6 23. Qc2 Qc4 24. Qd3 Qb3 25. f4 a6 26. Kf2 Be7 27. f5 exf5 28. Qxf5 Bxa3 29. Qc2 Qxc2+ 30. Nxc2 Bf8 31. Ne3 b5 32. Nxd5 b4 33. Bd2 Nxd4 34. Nxb4 a5 35. Nd3 Nb3 36. Bc3 a4 37. Bb4 Bxb4 38. Nxb4 Kf8 39. Nd5 Nd2 40. Nc3 Nc4 41. Nxa4 Nxe5 42. h3 Ke7 43. Ke3 f5 44. b3 g5 45. Nb6 Nc6 46. Nc4 Ke6 47. Kd3 Kd5 48. Ne3+ Ke5 49. Nc2 Kf4 50. Ke2 Kg3 51. Kf1 f4 52. Ne1 h5 53. Nf3 g4 54. hxg4 hxg4 55. Ng1 Nd4 56. b4 Kh2 57. b5 Nxb5 58. Ne2 1/2-1/2

[Event "Nova Gorica op-A 26th"]
[Site "Nova Gorica"]
[Date "2022.09.16"]
[Round "1"]
[White "Juvan, Vid"]
[Black "Pirs, Matjaz1111"]
[Result "0-1"]
[WhiteElo "1564"]
[BlackElo "1943"]
[PlyCount "70"]
[EventDate "2022.09.16"]
[EventType "swiss"]
[EventRounds "9"]
[EventCountry "SLO"]
[SourceTitle "CBM 210 Extra"]
[Source "ChessBase"]
[SourceDate "2022.11.30"]
[SourceVersion "1"]
[SourceVersionDate "2022.11.30"]
[SourceQuality "1"]

1. e4 d5 2. exd5 Nf6 3. d4 Nxd5 4. Nf3 Nb6 5. Be2 Bf5 6. c4 e6 7. 0-0 Be7 8. Nc3 0-0 9. Bf4 Bd6 10. Bg5 Be7 11. Bf4 Nc6 12. Qb3 g5 13. Bg3 g4 14. Ne5 Nxd4 15. Qd1 h5 16. Bxg4 hxg4 17. Nxg4 Bg6 18. Ne5 Nf5 19. Nxg6 fxg6 20. Qg4 Kf7 21. Be5 Bd6 22. Rad1 Qe7 23. Bd4 c5 24. Be3 Rh8 25. h3 Qh4 26. Qf3 Rad8 27. Ne4 Be7 28. Rxd8 Rxd8 29. g4 Nxc4 30. gxf5 gxf5 31. Nxc5 Rg8+ 32. Kh1 Ne5 33. Qf4 Qxh3+ 34. Qh2 Qxh2+ 35. Kxh2 Ng4+ 0-1

[Event "Ljubljana-chT 74th"]
[Site "Ljubljana"]
[Date "2022.02.10"]
[Round "5.4"]
[White "Juvan, Vid"]
[Black "Zidar, Jernej"]
[Result "1-0"]
[WhiteElo "1000"]
[BlackElo "1704"]
[PlyCount "95"]
[EventDate "2022.01.13"]
[EventType "team-swiss"]
[EventRounds "9"]
[EventCountry "SLO"]
[SourceTitle "EXT 2024"]
[Source "ChessBase"]
[SourceDate "2023.10.10"]
[SourceVersion "1"]
[SourceVersionDate "2023.10.10"]
[SourceQuality "1"]
[WhiteTeam "Ljubljana SK"]
[BlackTeam "Komenda Popotnik"]
[WhiteTeamCountry "SLO"]
[BlackTeamCountry "SLO"]

1. e4 c5 2. Nf3 d6 3. Bb5+ Bd7 4. Bxd7+ Nxd7 5. 0-0 Ngf6 6. Qe2 e6 7. c3 Be7 8. d4 cxd4 9. cxd4 0-0 10. Nc3 Nb6 11. a4 Rc8 12. Rd1 a6 13. Bf4 Nc4 14. Rac1 Qb6 15. Rb1 Rfd8 16. d5 e5 17. Bg5 Qc7 18. Rdc1 h6 19. Bxf6 Bxf6 20. Nd1 b5 21. b3 bxa4 22. Rxc4 Qb6 23. Rxa4 a5 24. h3 Rc5 25. Ne3 Rb5 26. Nd2 Bg5 27. Nec4 Qc5 28. Rba1 Bxd2 29. Nxd2 f5 30. Qc4 Qb6 31. Qc6 Qb8 32. Rxa5 Rb6 33. Ra8 Rxc6 34. Rxb8 Rcc8 35. Rxc8 Rxc8 36. Nc4 Rd8 37. f3 fxe4 38. fxe4 Kf7 39. b4 Ke7 40. b5 Rb8 41. Ra7+ Kf8 42. Nxd6 g5 43. Rf7+ Kg8 44. Rb7 Ra8 45. b6 Rd8 46. Nc4 Kf8 47. Rc7 Re8 48. b7 1-0